Лучшие программы для карманного компьютера

Bibliographic Details
Main Author: Пасечник А. Алексей
Summary:«Никто не обнимет необъятного!» — писал незабвенный Козьма Прутков. Существует множество программ для Pocket PC. Некоторые из них дублируют друг друга, одни работают лучше, другие — хуже. Невозможно угодить вкусам и предпочтениям всех пользователей КПК, поэтому критерием отбора программ для включения в эту книгу автор избрал принцип: «А мне нравится!». Надеемся, что они понравятся и вам, уважаемый читатель.
Language:Russian
Published: СПб., Питер, 2007
Subjects:
Format: Book
KOHA link:https://koha.lib.tpu.ru/cgi-bin/koha/opac-detail.pl?biblionumber=101368

MARC

LEADER 00000nam0a2200000 4500
001 101368
005 20231031112611.0
010 |a 5469007049 
035 |a (RuTPU)RU\TPU\book\109246 
090 |a 101368 
100 |a 20060911d2007 m y0rusy50 ca 
101 0 |a rus 
102 |a RU 
105 |a a z 001zy 
200 1 |a Лучшие программы для карманного компьютера  |f А. Пасечник 
210 |a СПб.  |c Питер  |d 2007 
215 |a 222 с.  |c ил. 
320 |a Алфавитный указатель: с. 220-221. 
330 |a «Никто не обнимет необъятного!» — писал незабвенный Козьма Прутков. Существует множество программ для Pocket PC. Некоторые из них дублируют друг друга, одни работают лучше, другие — хуже. Невозможно угодить вкусам и предпочтениям всех пользователей КПК, поэтому критерием отбора программ для включения в эту книгу автор избрал принцип: «А мне нравится!». Надеемся, что они понравятся и вам, уважаемый читатель. 
610 1 |a карманные персональные компьютеры 
610 1 |a Pocket PC 
610 1 |a русификация 
610 1 |a программы 
610 1 |a электронные книги 
610 1 |a электронные тексты 
610 1 |a словари 
610 1 |a справочники 
610 1 |a электронные версии 
610 1 |a офисные приложения 
610 1 |a электронная почта 
610 1 |a Интернет 
610 1 |a мультимедиа 
610 1 |a утилиты 
610 1 |a эмуляторы 
610 1 |a Haali Reader 
610 1 |a Adobe Acrobat Reader 
610 1 |a iSilo 
610 1 |a CHM eBook Reader 
610 1 |a ExpressView 
610 1 |a RepliGo 
610 1 |a Teller TTS Engine 
610 1 |a Porcet Word 
610 1 |a Porcet Excel 
610 1 |a TextMaker 
610 1 |a TEX/LaTeX 
610 1 |a Tweaks2k2.Net 
675 |a 681.322-181.4.06  |v 3 
700 1 |a Пасечник  |b А.  |g Алексей 
801 1 |a RU  |b 63413507  |c 20060911  |g PSBO 
801 2 |a RU  |b 63413507  |c 20100215  |g PSBO 
942 |c BK 
959 |a 76/20060901  |d 1  |e 140,00  |f ЧЗТЛ:1